Recognizable football club logos - Statistics

General Stats
  • This quiz has been taken 20 times
  • The average score is 12 of 16
Answer Stats
Picture Answer % Correct
Chelsea
100%
Arsenal
93%
Manchester United
93%
Tottenham Hotspur
93%
Barcelona
87%
Bayern Munich
87%
Manchester City
87%
Real Madrid
87%
AC Milan
80%
Liverpool
80%
PSG
80%
Dortmund
73%
Valencia
60%
Bristol City
40%
Al Nassr
20%
Juventes
13%
No matching quizzes found
Score Distribution
Percent of People with Each Score
Percentile by Number Answered
Your Score History
You have not taken this quiz